000 00610nam a22002057a 4500
003 BUBTL
008 200616b xxu||||| |||| 00| 0 eng d
020 _a1-55623-578-x
082 _a658.78/GOI
100 _aGopal, Christopher
_93180
245 _aIntegrated Distribution Management
_bChristopher Gopal, Harold Cypress
260 _aLondon
_bIrwin
_cc1993
300 _a[xv] , 244p . :
_bill . ; 23cm.
500 _aIncludes Index
650 _aManagement
_93181
700 _aChristopher Gopal, Harold Cypress
_93182
856 _k0
_l0
_yDownload
942 _2ddc
_cBK
999 _c6302
_d6302